| 000 | 01413nam a2200241Ia 4500 | ||
|---|---|---|---|
| 003 | Ost | ||
| 005 | 20260416102353.0 | ||
| 008 | 260416s9999||||xx |||||||||||||| ||und|| | ||
| 040 | _cfsecg | ||
| 041 | _aara | ||
| 082 | _a338.7 | ||
| 100 |
_aدريسي، أسماء _eمؤلف |
||
| 245 | 0 |
_aمحاضرات في تقييم المشاريع الإستثمارية / _c أسماء دريسي |
|
| 260 |
_aالجزائر _bجامعة الجزائر3: كلية العلوم الإقتصادية، العلوم التجارية وعلوم التسيير _c2017 |
||
| 300 |
_bايضاحات _c30 سم |
||
| 504 | _aمراجع ص.66 | ||
| 520 | _aالاطار النظري للمشاريع الاستثمارية، الاطار الاصطلاحي لتقييم المشاريع الاستثمارية، تقييم المشاريع في ظروف التأكد، تقييم المشاريع في ظروف المخاطرة، تقييم المشاريع في ظروف عدم التأكد، مقاربة محاسبية مالية في تقييم المشاريع، تقييم المشاريع من المنظور الاسلامي. | ||
| 653 | _aالاستثمار | ||
| 653 | _aالمشروعات | ||
| 653 | _aتقييم الأداء | ||
| 710 |
_aجامعة الجزائر3: كلية العلوم الإقتصادية، العلوم التجارية وعلوم التسيير _eناشر علمي |
||
| 942 | _cHANDOUT | ||
| 999 |
_c41108 _d41108 |
||